Normal view
MARC view
Entry Corporate Name
001 - CONTROL NUMBER
- control field: 19552
003 - CONTROL NUMBER IDENTIFIER
- control field: OSt
005 - DATE AND TIME OF LATEST TRANSACTION
- control field: 20180906113759.0
008 - FIXED-LENGTH DATA ELEMENTS
- fixed length control field: 180906|| aca||aabn | a|a d
040 ## - CATALOGING SOURCE
- Original cataloging agency: OSt
- Transcribing agency: OSt
110 ## - HEADING--CORPORATE NAME
- Corporate name or jurisdiction name as entry element: People's National Party (Ghana)
670 ## - SOURCE DATA FOUND
- Source citation: Work cat.: (OSt)0: Batsa, Kofi, 1931- 19551, The spark :, 1985.